000 00570nam a2200229Ia 4500
003 OSt
005 20221005113720.0
006 a|||||r|||| 00| 0
007 ta
008 221004b |||||||| |||| 00| 0 eng d
024 _a51665
037 _cTextual
040 _aCRL
_cCRL
_beng
041 _2eng
_aeng
082 _aT4xM64, E5
100 _aMookerjee Asutosh
_947826
245 0 _aAddresses, literary and academic
260 _c1915
650 _aEDUCATION
942 _hT4xM64, E5
_cTEXL
_2cc
999 _c1029037
_d1029037